| 000 | 00635nam a22001695i 4500 | ||
|---|---|---|---|
| 001 | 167671 | ||
| 003 | ES-MaACL | ||
| 005 | 20230906213555.0 | ||
| 008 | 030725s1900 fr |||| | fre d | ||
| 040 |
_aCCPB | B _bspa _cCCPB | B |
||
| 100 | 1 |
_aViollet, Paul. _9115417 |
|
| 245 | 1 | 4 |
_aLes communes françaises au moyen âge / _cpar Paul Viollet. |
| 260 |
_aParis : _bImprimerie Nationale : _bLibrairie C. Klincksieck, _c1900. |
||
| 300 |
_a158 p. ; _c29 cm. |
||
| 500 | _aExtraido de "Mémoires de l'Académie des Inscriptions et Belles-Lettres ; tome XXXVI" | ||
| 852 |
_aES-MaACL _jF-1101 _z-- Enc. hol. conservano la cub. original |
||
| 999 |
_c167671 _d167671 |
||